UBT Library

The management of organizations / (Record no. 41712)

000 -LEADER
fixed length control field 00575cam a2200217 i 4500
001 - CONTROL NUMBER
control field 4107420
005 - DATE AND TIME OF LATEST TRANSACTION
control field 20180205032223.0
008 - FIXED-LENGTH DATA ELEMENTS--GENERAL INFORMATION
fixed length control field 750617s1976 nyua b 001 0 eng
010 ## - LIBRARY OF CONGRESS CONTROL NUMBER
LC control number 75019423
020 ## - INTERNATIONAL STANDARD BOOK NUMBER
International Standard Book Number 007028721X
040 ## - CATALOGING SOURCE
Original cataloging agency DLC
Transcribing agency DLC
Modifying agency DLC
041 ## - LANGUAGE CODE
Language code of text/sound track or separate title eng
080 ## - UNIVERSAL DECIMAL CLASSIFICATION NUMBER
Universal Decimal Classification number 658.4 her
082 00 - DEWEY DECIMAL CLASSIFICATION NUMBER
Classification number 658.4 her
100 1# - Rafti
Rafti 54
101 ## - Shkurtesa
Shkurtesa man
245 14 - TITLE STATEMENT
Title The management of organizations /
Statement of responsibility, etc Herbert G. Hicks, C. Ray Gullett.
504 ## - BIBLIOGRAPHY, ETC. NOTE
Bibliography, etc Includes bibliographies and indexes.
906 ## - LOCAL DATA ELEMENT F, LDF (RLIN)
a 7
b cbc
c orignew
d 1
e ocip
f 19
g y-gencatlg
942 ## - ADDED ENTRY ELEMENTS (KOHA)
Source of classification or shelving scheme
Item type Books
Holdings
Withdrawn status Lost status Source of classification or shelving scheme Damaged status Not for loan Collection code Permanent location Current location Shelving location Date acquired Total Checkouts Full call number Barcode Date last seen Price effective from Koha item type
          Koleksioni i përgjithshem UBT - Lipjan UBT - Lipjan Koleksioni i përgjithshem 02/05/2018   658.4 her 002-2997514 02/05/2018 02/05/2018 Books
UBT Library © 2015-2024. All rights reserved University Education for Business and Technology